[Event "Belgrade-chT"]
[Site "Belgrade"]
[Date "2015.09.22"]
[Round "2.2"]
[White "Gosic, Bogdan"]
[Black "Kocic, Sasa"]
[Result "1-0"]
[WhiteElo "2285"]
[BlackElo "2239"]
[PlyCount "47"]
[EventDate "2015.09.21"]
[EventType "team-tourn"]
[EventRounds "9"]
[EventCountry "SRB"]
[SourceTitle "CBM 168 Extra"]
[Source "ChessBase"]
[SourceDate "2015.10.29"]
[SourceVersion "1"]
[SourceVersionDate "2015.10.29"]
[SourceQuality "1"]
[WhiteTeam "Belgrade"]
[BlackTeam "Belgrade Sigurnost"]
[WhiteTeamCountry "SRB"]
[BlackTeamCountry "SRB"]

1. e4 c5 2. Nf3 d6 3. Bb5+ Nd7 4. d4 a6 5. Be2 cxd4 6. Qxd4 Ngf6 7. c4 e5 8. Qe3 Be7 9. Nc3 0-0 10. 0-0 b6 11. Nh4 g6 12. g3 Nc5 13. b4 Ne6 14. Nf3 Bb7 15. Bb2 Ng4 16. Qd2 Nf6 17. Qe3 Ng4 18. Qd3 f5 19. Nd5 Nf6 20. exf5 Nxd5 21. cxd5 Rxf5 22. dxe6 e4 23. Qc3 Bf6 24. Nd4 1-0

[Event "SRB-CupT Central Serbia"]
[Site "Serbia"]
[Date "2014.05.03"]
[Round "7.4"]
[White "Gosic, Bogdan"]
[Black "Marinkovic, Zoran"]
[Result "1-0"]
[WhiteElo "2272"]
[BlackElo "2268"]
[PlyCount "51"]
[EventDate "2014.03.23"]
[EventType "team"]
[EventRounds "8"]
[EventCountry "SRB"]
[SourceTitle "EXT 2015"]
[Source "ChessBase"]
[SourceDate "2014.11.20"]
[SourceVersion "1"]
[SourceVersionDate "2014.11.20"]
[SourceQuality "1"]

1. e4 c5 2. Nf3 Nc6 3. Bb5 g6 4. Bxc6 bxc6 5. 0-0 Bg7 6. Re1 e5 7. c3 Ne7 8. d4 cxd4 9. cxd4 exd4 10. Nxd4 0-0 11. Nc3 Qc7 12. Bg5 Re8 13. Rc1 Qe5 14. Nf3 Qa5 15. Qd2 c5 16. Qd6 f6 17. Bxf6 Bxf6 18. Qxf6 Qb6 19. e5 Qd8 20. Qh4 Bb7 21. Ng5 h5 22. Qc4+ Kg7 23. Qf7+ Kh6 24. Qf4 Nd5 25. Nf7+ Kg7 26. Nxd5 1-0

[Event "SRB-chT2 West CS"]
[Site "Serbia"]
[Date "2012.09.15"]
[Round "3.2"]
[White "Matovic, Petar"]
[Black "Gosic, Bogdan"]
[Result "1/2-1/2"]
[WhiteElo "2227"]
[BlackElo "2302"]
[PlyCount "104"]
[EventDate "2012.09.14"]
[EventType "team"]
[EventRounds "10"]
[EventCountry "SRB"]
[SourceTitle "EXT 2015"]
[Source "ChessBase"]
[SourceDate "2014.11.20"]
[SourceVersion "1"]
[SourceVersionDate "2014.11.20"]
[SourceQuality "1"]

1. d4 Nf6 2. Nf3 e6 3. Bf4 c5 4. e3 Qb6 5. Qc1 Nc6 6. c3 Nh5 7. Bg3 d5 8. Nbd2 Bd7 9. Bd3 Rc8 10. Rb1 h6 11. 0-0 Nxg3 12. hxg3 Bd6 13. a3 0-0 14. b4 cxd4 15. cxd4 a5 16. b5 Ne7 17. Qb2 Rfd8 18. Rbc1 a4 19. Ne5 Be8 20. f4 Qa5 21. Nef3 Rxc1 22. Rxc1 Rc8 23. Rxc8 Nxc8 24. Nb1 Nb6 25. Nfd2 Nd7 26. Nc3 Nf6 27. Be2 Nd7 28. Kf2 Nb6 29. Bd3 Kf8 30. e4 Qa7 31. Kf1 Be7 32. e5 Bd7 33. g4 Nc4 34. Bxc4 Qxd4 35. Be2 Qxf4+ 36. Nf3 Qxg4 37. Qc2 Qf4 38. Nxa4 Bxa3 39. Nc5 Be8 40. Nxb7 g5 41. Qc3 Bb4 42. Qd4 Qc1+ 43. Kf2 Bc3 44. Qc5+ Kg7 45. Qe7 Qf4 46. g3 Bd4+ 47. Kg2 Qe4 48. Qf6+ Kg8 49. Kf1 Qb1+ 50. Kg2 Qe4 51. Kf1 Qb1+ 52. Kg2 Qe4 1/2-1/2

[Event "SRB-chT2 West CS"]
[Site "Serbia"]
[Date "2012.09.15"]
[Round "2.3"]
[White "Puaca, Goran"]
[Black "Gosic, Bogdan"]
[Result "1/2-1/2"]
[WhiteElo "2151"]
[BlackElo "2302"]
[PlyCount "74"]
[EventDate "2012.09.14"]
[EventType "team"]
[EventRounds "10"]
[EventCountry "SRB"]
[SourceTitle "EXT 2015"]
[Source "ChessBase"]
[SourceDate "2014.11.20"]
[SourceVersion "1"]
[SourceVersionDate "2014.11.20"]
[SourceQuality "1"]

1. d4 Nf6 2. c4 e6 3. Nc3 Bb4 4. Qc2 c5 5. dxc5 Nc6 6. Nf3 Qa5 7. Bd2 Qxc5 8. e3 d5 9. a3 Bxc3 10. Bxc3 dxc4 11. Bxf6 gxf6 12. Qxc4 Qxc4 13. Bxc4 Ke7 14. 0-0 Bd7 15. Rfd1 Rac8 16. Bb5 Rc7 17. Rac1 Rhc8 18. Rc3 Ne5 19. Bxd7 Rxc3 20. Bxc8 Rxc8 21. Nd4 a6 22. Kf1 Nc4 23. Ke2 b5 24. Rc1 Kd7 25. Rc2 Rc7 26. Kd1 Kd6 27. Kc1 Ne5 28. Rxc7 Kxc7 29. Kd2 Kd6 30. b3 Kc5 31. h3 a5 32. f4 Nd7 33. Kd3 b4 34. axb4+ axb4 35. g4 Kd5 36. e4+ Kc5 37. Nf3 e5 1/2-1/2

[Event "SRB-chT2 West CS"]
[Site "Serbia"]
[Date "2011.09.25"]
[Round "3.1"]
[White "Gosic, Bogdan"]
[Black "Rancic, Zoran"]
[Result "0-1"]
[WhiteElo "2318"]
[BlackElo "2168"]
[PlyCount "80"]
[EventDate "2011.09.11"]
[EventType "team"]
[EventRounds "11"]
[EventCountry "SRB"]
[SourceTitle "EXT 2015"]
[Source "ChessBase"]
[SourceDate "2014.11.20"]
[SourceVersion "1"]
[SourceVersionDate "2014.11.20"]
[SourceQuality "1"]

1. e4 c5 2. Nf3 d6 3. d4 cxd4 4. Nxd4 Nf6 5. Nc3 a6 6. Bg5 e5 7. Nb3 Be7 8. Qd3 Be6 9. 0-0-0 Nbd7 10. f3 Rc8 11. g4 b5 12. Kb1 Qc7 13. h4 Nb6 14. Bxf6 gxf6 15. Nd5 Bxd5 16. exd5 Na4 17. f4 h6 18. Bh3 Qc4 19. Qf5 Rc7 20. Rhf1 Bd8 21. Rf2 Nxb2 22. Kxb2 Qc3+ 23. Kb1 Qxh3 24. Rd3 Qxh4 25. fxe5 fxe5 26. Nd2 Rg8 27. Ne4 Rg6 28. g5 Rxg5 29. Qh7 Rg6 30. Qh8+ Kd7 31. Rxf7+ Be7 32. Qh7 Qe1+ 33. Kb2 Qb4+ 34. Rb3 Rxc2+ 35. Kb1 Qe1+ 36. Kxc2 Qxe4+ 37. Kd1 Rg1+ 38. Kd2 Rg2+ 39. Kd1 Qe2+ 40. Kc1 Qe1# 0-1

[Event "SRB-Cup"]
[Site "Valjevo"]
[Date "2011.05.18"]
[Round "3.3"]
[White "Trickovic, Borivoje"]
[Black "Gosic, Bogdan"]
[Result "1/2-1/2"]
[WhiteElo "2246"]
[BlackElo "2306"]
[PlyCount "85"]
[EventDate "2011.05.16"]
[EventType "team-swiss"]
[EventRounds "7"]
[EventCountry "YUG"]
[SourceTitle "CBM 142 Extra"]
[Source "ChessBase"]
[SourceDate "2011.06.27"]
[SourceVersion "1"]
[SourceVersionDate "2011.06.27"]
[SourceQuality "1"]
[WhiteTeam "Pirot"]
[BlackTeam "Valjevo 2005"]
[WhiteTeamCountry "SRB"]
[BlackTeamCountry "SRB"]

1. d4 Nf6 2. Nf3 e6 3. c4 b6 4. g3 Bb7 5. Bg2 Bb4+ 6. Bd2 Be7 7. 0-0 0-0 8. Nc3 d5 9. Ne5 Na6 10. Qa4 Qe8 11. Qxe8 Rfxe8 12. Rfd1 Ne4 13. cxd5 exd5 14. Rac1 f6 15. Nd3 g5 16. a3 c5 17. dxc5 bxc5 18. Nxe4 dxe4 19. Be3 Rad8 20. Ne1 f5 21. Nc2 Bd5 22. b4 Bb3 23. Rxd8 Rxd8 24. bxc5 Nxc5 25. Nb4 Rd1+ 26. Rxd1 Bxd1 27. Nc6 Bf8 28. Bxg5 Ne6 29. Be3 Bxe2 30. Bxa7 Bxa3 31. Nd4 Nxd4 32. Bxd4 Kf7 33. Bf1 Bf3 34. Bc4+ Kg6 35. Be3 Bb2 36. Bb5 Bc3 37. Bc4 h5 38. Bb5 Bf6 39. Be8+ Kg7 40. Bd7 Bg4 41. Kg2 Bf3+ 42. Kg1 Bg4 43. Kg2 1/2-1/2

[Event "SRB-chT2 West"]
[Site "Valjevo"]
[Date "2010.10.16"]
[Round "10"]
[White "Gosic, Bogdan"]
[Black "Brajovic, Miroljub"]
[Result "1/2-1/2"]
[WhiteElo "2316"]
[BlackElo "2139"]
[PlyCount "89"]
[EventDate "2010.09.12"]
[EventType "team-tourn"]
[EventRounds "9"]
[EventCountry "YUG"]
[SourceTitle "EXT 2011"]
[Source "ChessBase"]
[SourceDate "2010.11.26"]
[SourceVersion "1"]
[SourceVersionDate "2010.11.26"]
[SourceQuality "1"]

1. e4 d5 2. exd5 Nf6 3. c4 c6 4. d4 cxd5 5. Nc3 Nc6 6. Nf3 e6 7. c5 Ne4 8. Bb5 Nxc3 9. bxc3 Bd7 10. 0-0 Be7 11. Rb1 0-0 12. Qc2 b6 13. cxb6 axb6 14. Bd3 g6 15. Qb3 Qc7 16. Qxb6 Qxb6 17. Rxb6 Rxa2 18. Rb7 Ra7 19. Rxa7 Nxa7 20. Bh6 Rc8 21. Ra1 Nc6 22. h4 Bf6 23. Bf4 h5 24. Bb5 Bg7 25. Ng5 f6 26. Nf3 Be8 27. Ra6 Nb8 28. Rxe6 Bxb5 29. Rb6 Be2 30. Rxb8 Rxb8 31. Bxb8 Bxf3 32. gxf3 Kf7 33. Kf1 Ke6 34. Bg3 Bh6 35. Ke2 g5 36. Kd3 gxh4 37. Bxh4 Bg5 38. Bg3 h4 39. f4 hxg3 40. fxg3 Bh6 41. c4 dxc4+ 42. Kxc4 Kd6 43. d5 f5 44. Kd4 Bg7+ 45. Ke3 1/2-1/2

[Event "SRB-chT Cup"]
[Site "Sombor"]
[Date "2009.05.20"]
[Round "2"]
[White "Gosic, Bogdan"]
[Black "Dostan, Janos"]
[Result "1-0"]
[WhiteElo "2347"]
[BlackElo "2207"]
[PlyCount "65"]
[EventDate "2009.05.19"]
[EventType "team"]
[EventRounds "7"]
[EventCountry "YUG"]
[SourceTitle "CBM 130 Extra"]
[Source "ChessBase"]
[SourceDate "2009.07.02"]
[SourceVersion "2"]
[SourceVersionDate "2009.07.15"]
[SourceQuality "1"]

1. e4 d6 2. d4 Nf6 3. Nc3 c6 4. Nf3 Qa5 5. Bd2 Qc7 6. h3 e5 7. a4 Be7 8. Bc4 0-0 9. 0-0 Nbd7 10. Be3 b6 11. Nh4 Nxe4 12. Nxe4 Bxh4 13. Qg4 Be7 14. Bh6 g6 15. d5 c5 16. Bxf8 Nxf8 17. Qe2 f5 18. Nc3 Bf6 19. a5 Rb8 20. Nb5 Qe7 21. axb6 axb6 22. Ra7 Nd7 23. c3 e4 24. f4 exf3 25. Qxe7 Bxe7 26. Re1 Kf8 27. gxf3 f4 28. Kg2 Ne5 29. Rxe5 dxe5 30. d6 Bg5 31. Rf7+ Ke8 32. Nc7+ Kd8 33. Bb5 1-0

[Event "SRB-chT Cup"]
[Site "Sombor"]
[Date "2009.05.20"]
[Round "3"]
[White "Miljkovic, Miroslav M"]
[Black "Gosic, Bogdan"]
[Result "1/2-1/2"]
[WhiteElo "2445"]
[BlackElo "2347"]
[PlyCount "112"]
[EventDate "2009.05.19"]
[EventType "team"]
[EventRounds "7"]
[EventCountry "YUG"]
[SourceTitle "CBM 130 Extra"]
[Source "ChessBase"]
[SourceDate "2009.07.02"]
[SourceVersion "2"]
[SourceVersionDate "2009.07.15"]
[SourceQuality "1"]

1. d4 Nf6 2. c4 e6 3. Nc3 Bb4 4. Qc2 0-0 5. a3 Bxc3+ 6. Qxc3 b6 7. Bg5 Bb7 8. Nf3 d6 9. Nd2 h6 10. Bh4 Nbd7 11. f3 c5 12. e4 cxd4 13. Qxd4 Qc7 14. Be2 e5 15. Qc3 Nh5 16. Bf2 Nf4 17. Bf1 Rac8 18. g3 Ne6 19. Bd3 Qb8 20. b3 d5 21. exd5 Bxd5 22. 0-0 Rfd8 23. Rad1 Bb7 24. Bf5 Nef8 25. Ne4 Bxe4 26. Bxe4 Nf6 27. Bf5 Rxd1 28. Rxd1 Rd8 29. Rxd8 Qxd8 30. b4 g6 31. Bh3 N6d7 32. a4 Qc7 33. Qd3 Qc6 34. b5 Qc7 35. Qd5 Kg7 36. Qc6 Qd8 37. f4 exf4 38. Bd4+ Kg8 39. gxf4 Qe7 40. Bf2 Nf6 41. c5 Ne4 42. cxb6 Nxf2 43. Kxf2 Qh4+ 44. Kg2 axb6 45. a5 bxa5 46. b6 Qxf4 47. b7 Qd2+ 48. Kf1 Qd1+ 49. Kf2 Qd2+ 50. Kg1 Qe3+ 51. Kg2 Qe2+ 52. Kg3 Qd3+ 53. Kf2 Qd2+ 54. Kf1 Qd1+ 55. Kg2 Qd2+ 56. Kg3 Qd3+ 1/2-1/2

[Event "SRB-chT Cup"]
[Site "Zlatibor"]
[Date "2008.06.18"]
[Round "3.6"]
[White "Gosic, Bogdan"]
[Black "Jovic, Aleksandar"]
[Result "1/2-1/2"]
[WhiteElo "2323"]
[BlackElo "2381"]
[PlyCount "164"]
[EventDate "2008.06.16"]
[EventType "team"]
[EventRounds "9"]
[EventCountry "YUG"]
[SourceTitle "CBM 125 Extra"]
[Source "ChessBase"]
[SourceDate "2008.09.01"]
[SourceVersion "1"]
[SourceVersionDate "2008.09.01"]
[SourceQuality "1"]

1. e4 e6 2. d4 d5 3. Nc3 Bb4 4. e5 Ne7 5. a3 Bxc3+ 6. bxc3 c5 7. a4 Nbc6 8. Nf3 Qa5 9. Bd2 Bd7 10. Bd3 c4 11. Be2 f6 12. exf6 gxf6 13. Nh4 0-0-0 14. f4 Ng6 15. Nf3 Nce7 16. Qb1 Nf5 17. Qb4 Qc7 18. g3 h5 19. a5 Nd6 20. Be3 Rde8 21. Rg1 Ne7 22. Nd2 Nc6 23. Qc5 Nf5 24. Bf2 Qd6 25. Qxd6 Nxd6 26. Bf3 e5 27. dxe5 fxe5 28. Bxd5 exf4+ 29. Kd1 Nb5 30. Nb1 Bg4+ 31. Kc1 Re2 32. Bxc4 Rxf2 33. Bxb5 f3 34. Nd2 Rxh2 35. a6 Rd8 36. axb7+ Kxb7 37. Nb3 Rg2 38. Rh1 Bf5 39. Bxc6+ Kxc6 40. Nd4+ Rxd4 41. cxd4 Rxc2+ 42. Kd1 Rg2 43. Rxh5 Bd3 44. Rxa7 f2 45. Rh6+ Kb5 46. Rb7+ Ka5 47. Ra7+ Kb5 48. Rb7+ Kc4 49. Rc7+ Kd5 50. Rd7+ Ke4 51. Re7+ Kd5 52. Rd7+ Ke4 53. Re7+ Kd5 54. Rd7+ Ke4 55. Re7+ Kf5 56. Rf7+ Kg5 57. Rhf6 Rg1+ 58. Kd2 f1Q 59. Rxf1 Bxf1 60. Ke3 Bc4 61. Rc7 Be6 62. Rc5+ Bf5 63. d5 Rd1 64. g4 Rd3+ 65. Ke2 Kxg4 66. Rc4+ Kg5 67. Rc5 Kf4 68. Rc4+ Be4 69. Rc8 Rxd5 70. Rf8+ Bf5 71. Rf7 Rc5 72. Rf8 Rc2+ 73. Kd1 Rb2 74. Kc1 Rf2 75. Re8 Rc2+ 76. Kd1 Rh2 77. Rf8 Ke4 78. Kc1 Ke5 79. Rd8 Rc2+ 80. Kd1 Ra2 81. Ke1 Be4 82. Rd2 Ra7 1/2-1/2

[Event "SRB-chT3 North"]
[Site "Serbia"]
[Date "2007.??.??"]
[Round "3"]
[White "Begus, Drasko"]
[Black "Gosic, Bogdan"]
[Result "1-0"]
[WhiteElo "2298"]
[BlackElo "2314"]
[PlyCount "57"]
[EventDate "2007.09.02"]
[EventType "team"]
[EventRounds "11"]
[EventCountry "SRB"]
[SourceTitle "EXT 2012"]
[Source "ChessBase"]
[SourceDate "2011.11.24"]
[SourceVersion "1"]
[SourceVersionDate "2011.11.24"]
[SourceQuality "1"]
[WhiteTeam "Vladimirci"]
[BlackTeam "Valjevo"]
[WhiteTeamCountry "SRB"]
[BlackTeamCountry "SRB"]

1. d4 Nf6 2. g3 d5 3. Bg2 g6 4. Nf3 Bg7 5. c4 0-0 6. cxd5 Nxd5 7. 0-0 c6 8. e4 Nb6 9. h3 a5 10. Nc3 Na6 11. b3 c5 12. Be3 Nd7 13. Rc1 cxd4 14. Nxd4 Ndc5 15. Na4 Nxa4 16. bxa4 Bd7 17. Qb3 e5 18. Nb5 Be6 19. Qb1 Qe7 20. Nc3 Qa3 21. Nd5 Nb4 22. Bc5 Rfd8 23. Rc3 Qxa2 24. Bxb4 Qxb1 25. Rxb1 axb4 26. Rxb4 Bf8 27. Rxb7 Rxa4 28. Rc6 Ra1+ 29. Kh2 1-0

[Event "Serbia-chT2"]
[Site "Belgrade"]
[Date "2003.10.05"]
[Round "9"]
[White "Marinovic, Bozidar"]
[Black "Gosic, Bogdan"]
[Result "1/2-1/2"]
[WhiteElo "2332"]
[BlackElo "2310"]
[PlyCount "100"]
[EventDate "2003.09.27"]
[EventType "team"]
[EventRounds "9"]
[EventCountry "YUG"]
[SourceTitle "CBM 096 Extra"]
[Source "ChessBase"]
[SourceDate "2003.10.22"]
[SourceVersion "2"]
[SourceVersionDate "2003.10.20"]
[SourceQuality "1"]

1. e4 e5 2. Nf3 Nc6 3. Bb5 a6 4. Ba4 Nf6 5. Bxc6 dxc6 6. d3 Bc5 7. 0-0 Qd6 8. Nbd2 Be6 9. b3 Nd7 10. Bb2 f6 11. Nc4 Qe7 12. Qe2 0-0-0 13. Rfe1 Nf8 14. Rad1 Bg4 15. Ne3 Bh5 16. Nf5 Qf7 17. d4 exd4 18. Bxd4 Bxd4 19. N5xd4 c5 20. Nf5 Ne6 21. c3 Rhe8 22. Ng3 Kb8 23. Rxd8+ Rxd8 24. Rd1 Rxd1+ 25. Qxd1 Bxf3 26. Qxf3 Qd7 27. Nf1 Qc6 28. Nd2 b5 29. Qe3 Qd6 30. g3 g5 31. h3 Kb7 32. Kg2 Nf8 33. f4 gxf4 34. gxf4 Ne6 35. Kg3 Qd7 36. e5 Qg7+ 37. Kf2 fxe5 38. fxe5 c6 39. Nf3 Qg6 40. Qd2 Kb6 41. h4 a5 42. Qd6 Qc2+ 43. Kg3 Qg6+ 44. Ng5 Nxg5 45. Qxg6 hxg6 46. hxg5 Kc7 47. c4 Kd7 48. Kf4 Ke7 49. Ke3 Kd7 50. Kd3 b4 1/2-1/2

[Event "YUG Cup"]
[Site "Ulcinj"]
[Date "1998.??.??"]
[Round "4"]
[White "Gosic, Bogdan"]
[Black "Bokan, Danko"]
[Result "0-1"]
[WhiteElo "2340"]
[BlackElo "2380"]
[PlyCount "72"]
[EventDate "1998.??.??"]
[EventType "team"]
[EventRounds "7"]
[EventCountry "YUG"]
[SourceTitle "EXT 1999"]
[Source "ChessBase"]
[SourceDate "1998.11.16"]
[SourceVersion "1"]
[SourceVersionDate "1998.11.16"]
[SourceQuality "1"]

1. e4 e5 2. Nc3 Nf6 3. Nf3 Nc6 4. Bb5 Nd4 5. Nxe5 Qe7 6. Nf3 Nxb5 7. Nxb5 Qxe4+ 8. Qe2 Qxe2+ 9. Kxe2 Nd5 10. Re1 a6 11. Kf1+ Be7 12. Nbd4 d6 13. d3 c5 14. Nb3 Bf5 15. Na5 Nb4 16. Nc4 Be6 17. Re2 b5 18. Ne3 Kd7 19. a3 Nc6 20. h3 h5 21. Nd1 Bd5 22. Re3 g5 23. c3 g4 24. Ng1 Rag8 25. hxg4 hxg4 26. Re2 Ne5 27. Ne3 Bb7 28. d4 cxd4 29. cxd4 Nf3 30. Nf5 Nh2+ 31. Ke1 Bf6 32. Kd1 Bxg2 33. Kc2 Re8 34. Bf4 Rxe2+ 35. Nxe2 Be4+ 36. Kb3 Bxf5 0-1

[Event "YUG Cup"]
[Site "Ulcinj"]
[Date "1998.??.??"]
[Round "1"]
[White "Kovacevic, Aleksandar"]
[Black "Gosic, Bogdan"]
[Result "1-0"]
[WhiteElo "2515"]
[BlackElo "2340"]
[PlyCount "53"]
[EventDate "1998.??.??"]
[EventType "team"]
[EventRounds "7"]
[EventCountry "YUG"]
[SourceTitle "EXT 1999"]
[Source "ChessBase"]
[SourceDate "1998.11.16"]
[SourceVersion "1"]
[SourceVersionDate "1998.11.16"]
[SourceQuality "1"]

1. e4 c6 2. d4 d5 3. exd5 cxd5 4. c4 Nf6 5. Nc3 e6 6. Nf3 Be7 7. cxd5 Nxd5 8. Bd3 Nc6 9. 0-0 0-0 10. Re1 Bf6 11. Be4 Qd6 12. Qd3 g6 13. Bh6 Rd8 14. Rad1 a6 15. Qd2 Nce7 16. Bxd5 exd5 17. Bf4 Qb6 18. Na4 Qc6 19. b3 Bf5 20. Rc1 Qb5 21. Rc5 Qd3 22. Qxd3 Bxd3 23. Nb6 Ra7 24. Bc7 Re8 25. Nxd5 Kg7 26. Nxf6 Kxf6 27. Be5+ 1-0

[Event "YUG Cup"]
[Site "Ulcinj"]
[Date "1998.??.??"]
[Round "5"]
[White "Licina, Zoran"]
[Black "Gosic, Bogdan"]
[Result "0-1"]
[WhiteElo "2245"]
[BlackElo "2340"]
[PlyCount "50"]
[EventDate "1998.??.??"]
[EventType "team"]
[EventRounds "7"]
[EventCountry "YUG"]
[SourceTitle "EXT 1999"]
[Source "ChessBase"]
[SourceDate "1998.11.16"]
[SourceVersion "1"]
[SourceVersionDate "1998.11.16"]
[SourceQuality "1"]

1. e4 e5 2. Nf3 Nc6 3. Bb5 a6 4. Bxc6 dxc6 5. Nc3 Bc5 6. Ne2 f6 7. d4 exd4 8. Nfxd4 Qe7 9. Qd3 Bd7 10. Be3 Bd6 11. 0-0-0 0-0-0 12. Rhe1 Qf7 13. Kb1 Ne7 14. Qb3 Qxb3 15. Nxb3 b6 16. Bxb6 Bg4 17. Bd4 Bxh2 18. f3 Be6 19. g3 Bc4 20. Nbc1 h5 21. Rh1 h4 22. Rxh2 c5 23. Rxh4 Rxh4 24. gxh4 Nc6 25. c3 Ne5 0-1

[Event "YUG Cup"]
[Site "Ulcinj"]
[Date "1998.??.??"]
[Round "7"]
[White "Savic, Miodrag R"]
[Black "Gosic, Bogdan"]
[Result "0-1"]
[WhiteElo "2425"]
[BlackElo "2340"]
[PlyCount "76"]
[EventDate "1998.??.??"]
[EventType "team"]
[EventRounds "7"]
[EventCountry "YUG"]
[SourceTitle "EXT 1999"]
[Source "ChessBase"]
[SourceDate "1998.11.16"]
[SourceVersion "1"]
[SourceVersionDate "1998.11.16"]
[SourceQuality "1"]

1. e4 c6 2. d4 d5 3. e5 g6 4. Bd3 Nh6 5. h4 c5 6. c3 Nc6 7. Bf4 cxd4 8. cxd4 Qb6 9. Nc3 Qxd4 10. Nge2 Qc5 11. Nb5 Ng4 12. 0-0 Qb6 13. Nec3 Be6 14. Nxd5 Bxd5 15. Qxg4 Be6 16. Qg3 Bg7 17. h5 0-0 18. Be3 Qa5 19. f4 Rad8 20. Be2 Bf5 21. hxg6 hxg6 22. Nc3 Nd4 23. Bxd4 Rxd4 24. Qe3 Qb6 25. Kh2 g5 26. Rad1 Rfd8 27. Rxd4 Qxd4 28. Qxd4 Rxd4 29. g3 Rd2 30. Kg1 Rxb2 31. Bf3 e6 32. Rf2 Rb4 33. Bg2 Bf8 34. Kh2 Bc5 35. Rf1 Rc4 36. Nb5 Rc2 37. Kh1 Be3 38. Rb1 Rxg2 0-1